Statistics for famous Jennifers

Click here to take the quiz!

General Stats

  • This quiz has been taken 35 times
  • The average score is 4 of 11

Answer Stats

known forAnswer% Correct
FriendsJennifer Aniston
100%
Hunger Games trilogyJennifer Lawrence
88%
Hustlers, often collabs with Pitbulljennifer Lopez
70%
13 going on 30Jennifer Garner
58%
dream girlsJennifer Hudson
55%
Noah 2014jennifer Connelly
18%
the Client listJennifer Love Hewitt
15%
DexterJennifer Carpenter
9%
Legally Blonde, a cinderella storyjennifer Coolidge
3%
Once upon a timeJennifer Morrison
3%
Wizards of waverly place, mean girls 2Jennifer Stone
3%

Score Distribution

Percentile by Number Answered

Percent of People with Each Score

Your Score History

You have not taken this quiz